[Event "MVP-ch Seniors op 17th"]
[White "Kotlar, Alfred"]
[Black "Gerhardt, Peter Michael"]
[Site "Binz"]
[Round "9.17"]
[Result "1/2-1/2"]
[Date "2017.12.07"]
[WhiteElo "2047"]
[BlackElo "1988"]
[PlyCount "120"]
[EventDate "2017.11.29"]
[EventType "swiss"]
[EventRounds "9"]
[EventCountry "GER"]
[SourceTitle "EXT 2019"]
[Source "ChessBase"]
[SourceDate "2018.10.10"]
[SourceVersion "1"]
[SourceVersionDate "2018.10.10"]
[SourceQuality "1"]

1. d4 Nf6 2. Bf4 g6 3. c3 Bg7 4. Qc1 0-0 5. Bh6 d5 6. Bxg7 Kxg7 7. Nf3 Nbd7 8. e3 Ne4 9. Be2 c6 10. Nbd2 Ndf6 11. h4 h5 12. Nxe4 Nxe4 13. Bd3 Bf5 14. Qd1 Nd6 15. Be2 Qb6 16. b3 a5 17. Rc1 a4 18. b4 f6 19. a3 Qd8 20. c4 dxc4 21. Bxc4 Nxc4 22. Rxc4 Qd5 23. Rc3 Rfd8 24. Rc5 Qb3 25. Qc1 Qe6 26. 0-0 Be4 27. Nh2 Bd5 28. Re1 Qe4 29. f3 Qxh4 30. e4 Bf7 31. Rd1 Bb3 32. Rd2 Qf4 33. Qc3 e5 34. Nf1 exd4 35. Rxd4 Rxd4 36. Qxd4 Qc7 37. e5 Qd8 38. exf6+ Qxf6 39. Re5 Bf7 40. Qe3 Rd8 41. f4 Rd5 42. Re4 Rd1 43. Qe2 Rd7 44. g3 b5 45. Qe1 Bd5 46. Re5 Bf7 47. Ne3 Rd3 48. Qc1 Kg8 49. Kg2 Qd6 50. Kf1 Rd2 51. Ke1 Rh2 52. Qc3 Qd7 53. f5 Bb3 54. Re4 gxf5 55. Rd4 Qe7 56. Kf1 Bc4+ 57. Kg1 Re2 58. Ng2 Bd5 59. Nf4 Qe3+ 60. Qxe3 Rxe3 1/2-1/2

[Event "MVP-ch Seniors op 17th"]
[White "Kotlar, Alfred"]
[Black "Westphal, Norbert"]
[Site "Binz"]
[Round "5.16"]
[Result "1-0"]
[Date "2017.12.03"]
[WhiteElo "2047"]
[BlackElo "1947"]
[PlyCount "77"]
[EventDate "2017.11.29"]
[EventType "swiss"]
[EventRounds "9"]
[EventCountry "GER"]
[SourceTitle "EXT 2019"]
[Source "ChessBase"]
[SourceDate "2018.10.10"]
[SourceVersion "1"]
[SourceVersionDate "2018.10.10"]
[SourceQuality "1"]

1. d4 Nf6 2. Bf4 e6 3. a3 c5 4. c3 Nc6 5. e3 Qb6 6. Qc1 d5 7. Nd2 Bd7 8. Ngf3 Rc8 9. Rb1 h6 10. h3 cxd4 11. exd4 Be7 12. Bd3 0-0 13. Qd1 Ne8 14. 0-0 Bd6 15. Bxd6 Nxd6 16. Re1 f5 17. Ne5 Nxe5 18. Rxe5 Rf6 19. Qe2 Nf7 20. Nf3 Nxe5 21. Nxe5 Be8 22. Re1 a6 23. Qd2 Bb5 24. Bb1 Qc7 25. f4 Rcf8 26. Re3 g5 27. Rg3 Qg7 28. fxg5 f4 29. Rg4 hxg5 30. Nf3 Kf7 31. Rxg5 Qh6 32. Rg4 Rg8 33. Rh4 Qf8 34. Qe1 Ke8 35. Qe5 Rg7 36. Qb8+ Kf7 37. Qe5 Ke8 38. Rh8 Qxh8 39. Qb8+ 1-0

[Event "Schleswig Holstein-ch Seniors op 11th"]
[White "Kotlar, Alfred"]
[Black "Hellwege, Werner"]
[Site "Buesum"]
[Round "8"]
[Result "1-0"]
[Date "2017.09.15"]
[WhiteElo "2041"]
[BlackElo "1929"]
[PlyCount "91"]
[EventDate "2017.09.08"]
[EventType "swiss"]
[EventRounds "9"]
[EventCountry "GER"]
[SourceTitle "EXT 2019"]
[Source "ChessBase"]
[SourceDate "2018.10.10"]
[SourceVersion "1"]
[SourceVersionDate "2018.10.10"]
[SourceQuality "1"]

1. d4 Nf6 2. Nf3 d6 3. Bf4 Nbd7 4. Nbd2 c5 5. e3 g6 6. Be2 Bg7 7. c3 0-0 8. 0-0 b6 9. Qc2 Bb7 10. Rac1 cxd4 11. exd4 d5 12. Rfe1 Re8 13. Bb5 a6 14. Bd3 b5 15. Re2 Nb6 16. Rce1 Rc8 17. a3 Nc4 18. Nb3 a5 19. Nc5 Ba8 20. Qc1 a4 21. Bg5 e6 22. Ne5 Qc7 23. Bf4 Qb6 24. Bg5 Bc6 25. Bh6 Nxe5 26. Rxe5 Bxh6 27. Qxh6 Ng4 28. Qf4 Nxe5 29. Rxe5 Kg7 30. h4 Qd8 31. h5 Qe7 32. Re3 Rc7 33. Qe5+ Kg8 34. hxg6 hxg6 35. Rh3 f6 36. Qh2 Qg7 37. Bxg6 Ree7 38. Rg3 Kf8 39. Qh4 f5 40. Bf7 Qxg3 41. Qxg3 Kxf7 42. Qe5 Ba8 43. Nd3 Ra7 44. Qh8 Kg6 45. f4 Rh7 46. Qg8+ 1-0

[Event "Schleswig Holstein-ch Seniors op 11th"]
[White "Kotlar, Alfred"]
[Black "Pamperin, Gerhard"]
[Site "Buesum"]
[Round "6"]
[Result "1-0"]
[Date "2017.09.13"]
[WhiteElo "2041"]
[BlackElo "1927"]
[PlyCount "59"]
[EventDate "2017.09.08"]
[EventType "swiss"]
[EventRounds "9"]
[EventCountry "GER"]
[SourceTitle "EXT 2019"]
[Source "ChessBase"]
[SourceDate "2018.10.10"]
[SourceVersion "1"]
[SourceVersionDate "2018.10.10"]
[SourceQuality "1"]

1. d4 d5 2. Nf3 Nf6 3. Bf4 e6 4. Nbd2 c5 5. e3 Nc6 6. c3 Be7 7. Bd3 0-0 8. Rc1 Bd7 9. Bb1 cxd4 10. exd4 Ne8 11. 0-0 g6 12. Re1 Bd6 13. Bh6 Ng7 14. Bg5 f6 15. Bh6 Re8 16. Bxg7 Kxg7 17. Nf1 Rc8 18. Ne3 b5 19. b3 a5 20. h4 Ne7 21. Qd2 Qb6 22. Ng4 Ng8 23. h5 Qc7 24. hxg6 hxg6 25. g3 f5 26. Ne3 Re7 27. Kg2 Be8 28. Nh4 Kf8 29. Bd3 Rg7 30. Nf1 1-0

[Event "MVP-ch Seniors op 16th"]
[White "Ophoff, Rigobert"]
[Black "Kotlar, Alfred"]
[Site "Binz"]
[Round "4.27"]
[Result "0-1"]
[Date "2016.11.26"]
[WhiteElo "1918"]
[BlackElo "2022"]
[PlyCount "118"]
[EventDate "2016.11.23"]
[EventType "swiss"]
[EventRounds "9"]
[EventCountry "GER"]
[SourceTitle "EXT 2018"]
[Source "ChessBase"]
[SourceDate "2017.10.13"]
[SourceVersion "1"]
[SourceVersionDate "2017.10.13"]
[SourceQuality "1"]

1. c4 g6 2. Nc3 Bg7 3. e4 c5 4. g3 Nc6 5. Bg2 d6 6. Nge2 Nf6 7. 0-0 0-0 8. h3 a6 9. a3 Rb8 10. Rb1 Bd7 11. b4 Qc8 12. Kh2 Ne8 13. d3 Nc7 14. Be3 b6 15. Qd2 Ne8 16. Rfc1 Nf6 17. b5 axb5 18. cxb5 Na5 19. a4 Be6 20. Nd5 Bxd5 21. exd5 Qf5 22. g4 Qd7 23. Ng3 Rfc8 24. Qa2 Ra8 25. Bf3 Ne8 26. Bd2 Ra7 27. Bc3 Bxc3 28. Rxc3 Nc7 29. Ne4 Nb7 30. Nd2 Nxb5 31. Rcb3 Nd4 32. Rxb6 Rxa4 33. Qb2 Nd8 34. Bd1 Raa8 35. Nf3 Nxf3+ 36. Bxf3 f6 37. Ra1 Ra7 38. Rb1 Rac7 39. Be2 Kg7 40. g5 Qf5 41. gxf6+ Qxf6 42. Bg4 Ra8 43. Qxf6+ Kxf6 44. Kg3 h5 45. Bf3 Nf7 46. Be4 g5 47. f3 h4+ 48. Kf2 Ne5 49. R1b2 Ra4 50. Rb8 Rxe4 51. dxe4 Nd3+ 52. Ke3 Nxb2 53. Rxb2 Ke5 54. Rg2 Kf6 55. Rc2 Ra7 56. Rb2 Ra1 57. Rb8 Rg1 58. Rf8+ Kg7 59. Rf5 Rg3 0-1

[Event "Sachsen-Anhalt-ch Seniors 24th"]
[White "Birk, Rainer"]
[Black "Kotlar, Alfred"]
[Site "Halberstadt"]
[Round "3"]
[Result "1/2-1/2"]
[Date "2016.05.31"]
[WhiteElo "2136"]
[BlackElo "2052"]
[PlyCount "57"]
[EventDate "2016.05.29"]
[EventType "swiss"]
[EventRounds "7"]
[EventCountry "GER"]
[SourceTitle "EXT 2019"]
[Source "ChessBase"]
[SourceDate "2018.10.10"]
[SourceVersion "1"]
[SourceVersionDate "2018.10.10"]
[SourceQuality "1"]

1. Nf3 Nf6 2. d4 d5 3. c4 c6 4. e3 Bg4 5. cxd5 Qxd5 6. Be2 e6 7. a3 Be7 8. 0-0 0-0 9. h3 Bh5 10. Nc3 Qd8 11. Ne5 Bxe2 12. Qxe2 Nbd7 13. Rd1 Qc7 14. Nxd7 Qxd7 15. e4 Rfd8 16. Bf4 Qe8 17. Rac1 g6 18. Be3 Rd7 19. Qc2 Qd8 20. f3 Bf8 21. Ne2 Qb6 22. Rd3 Qd8 23. Rcd1 Nh5 24. g4 Ng7 25. Qd2 f5 26. Nc3 Qc7 27. Bf4 Bd6 28. e5 Be7 29. Bg5 1/2-1/2

[Event "Sachsen-Anhalt-ch Seniors 24th"]
[White "Kotlar, Alfred"]
[Black "Gehrmann, Dorit"]
[Site "Halberstadt"]
[Round "2"]
[Result "1-0"]
[Date "2016.05.30"]
[WhiteElo "2052"]
[BlackElo "1897"]
[PlyCount "99"]
[EventDate "2016.05.29"]
[EventType "swiss"]
[EventRounds "7"]
[EventCountry "GER"]
[SourceTitle "EXT 2019"]
[Source "ChessBase"]
[SourceDate "2018.10.10"]
[SourceVersion "1"]
[SourceVersionDate "2018.10.10"]
[SourceQuality "1"]

1. d4 b6 2. c4 Bb7 3. Bf4 Nf6 4. Nf3 g6 5. e3 Bg7 6. Be2 0-0 7. Nbd2 d6 8. Rb1 a5 9. h4 Nbd7 10. Kf1 Re8 11. Bg3 Nh5 12. Bh2 Nhf6 13. Qc2 e5 14. d5 Nc5 15. Ne1 Bc8 16. Bg3 Bf5 17. Nd3 Nh5 18. Bh2 Qxh4 19. Kg1 Nxd3 20. Bxd3 Bxd3 21. Qxd3 Qg4 22. f3 Qg5 23. Ne4 Qe7 24. g4 Nf6 25. Bg3 Nxe4 26. Qxe4 Bf6 27. Qc2 Kg7 28. Re1 Rh8 29. Kg2 Qd7 30. Qe2 Rae8 31. Rh2 Kg8 32. Kf1 Kg7 33. Qd1 Kg8 34. e4 Bg5 35. Qb3 Kg7 36. Qb5 Qxb5 37. cxb5 Bf4 38. Bxf4 exf4 39. Rc1 Re7 40. Rhc2 Rc8 41. Ke2 f5 42. gxf5 gxf5 43. Kd3 fxe4+ 44. fxe4 Kf6 45. Rf2 Rh8 46. Rxf4+ Kg5 47. Rf5+ Kg6 48. Rg1+ Kh6 49. Rf6+ Kh5 50. Rf2 1-0

[Event "Hessen-ch Seniors op 12th"]
[White "Kotlar, Alfred"]
[Black "Schwetje, Siegfried"]
[Site "Bad Sooden-Allendorf"]
[Round "7"]
[Result "1-0"]
[Date "2016.05.06"]
[WhiteElo "2052"]
[BlackElo "1905"]
[PlyCount "147"]
[EventDate "2016.04.30"]
[EventType "swiss"]
[EventRounds "9"]
[EventCountry "GER"]
[SourceTitle "EXT 2019"]
[Source "ChessBase"]
[SourceDate "2018.10.10"]
[SourceVersion "1"]
[SourceVersionDate "2018.10.10"]
[SourceQuality "1"]

1. d4 g6 2. e4 Bg7 3. c3 d6 4. Bf4 Nd7 5. Nf3 e5 6. Bg5 Bf6 7. Be3 Qe7 8. d5 h5 9. Nbd2 Nh6 10. h3 Bg7 11. Qc2 a6 12. Nb3 b6 13. Bd3 f6 14. Nh4 Nf8 15. g3 g5 16. Nf5 Nxf5 17. exf5 h4 18. 0-0-0 Nd7 19. Rde1 Bb7 20. Be4 hxg3 21. fxg3 Qf8 22. g4 Rh6 23. Qg2 Rh8 24. Rh2 0-0-0 25. Reh1 Qf7 26. Kb1 Rh4 27. Bf2 Rh6 28. Qf3 Rdh8 29. Qd3 Bf8 30. a4 Nc5 31. Bxc5 dxc5 32. Nd2 Qd7 33. b3 Kb8 34. c4 a5 35. Kb2 Bd6 36. Qf3 Rh4 37. Nf1 Qd8 38. Ne3 Bc8 39. Ng2 R4h6 40. h4 Qg8 41. Rh3 Bd7 42. hxg5 Rxh3 43. Rxh3 Rxh3 44. Qxh3 Qxg5 45. Bc2 Qd2 46. Qf3 Qd4+ 47. Ka2 Kb7 48. Qe4 c6 49. Ne3 b5 50. Qd3 bxa4 51. bxa4 Qxd3 52. Bxd3 Be7 53. Kb3 Kc7 54. Be4 Be8 55. Kc3 Kd6 56. Bc2 Bf7 57. Be4 Be8 58. dxc6 Bxc6 59. Bxc6 Kxc6 60. Nd5 Bd8 61. Kd3 Kd7 62. Ke4 Kd6 63. Nc3 Be7 64. Kf3 Bd8 65. Ne4+ Kc6 66. Kg3 Be7 67. Kh4 Kd7 68. Kh5 Ke8 69. Kg6 Kf8 70. Nc3 Kg8 71. Ne4 Kf8 72. g5 fxg5 73. f6 Bd8 74. Nxg5 1-0

[Event "Hessen-ch Seniors op 12th"]
[White "Kotlar, Alfred"]
[Black "Fuchs, Manfred"]
[Site "Bad Sooden-Allendorf"]
[Round "1"]
[Result "1-0"]
[Date "2016.04.30"]
[WhiteElo "2052"]
[BlackElo "1750"]
[PlyCount "119"]
[EventDate "2016.04.30"]
[EventType "swiss"]
[EventRounds "9"]
[EventCountry "GER"]
[SourceTitle "EXT 2019"]
[Source "ChessBase"]
[SourceDate "2018.10.10"]
[SourceVersion "1"]
[SourceVersionDate "2018.10.10"]
[SourceQuality "1"]

1. d4 e6 2. Nf3 b6 3. Bf4 Bb7 4. Nbd2 Nf6 5. e3 Nh5 6. Bg3 Nxg3 7. hxg3 h6 8. c3 Be7 9. Qc2 d6 10. Rd1 Nd7 11. Be2 Rc8 12. Kf1 Nf6 13. a3 Kf8 14. Bc4 c6 15. Ba2 Rc7 16. Kg1 Qa8 17. Ne1 Ng4 18. Ndf3 Nf6 19. Ng5 Qc8 20. Ne4 Ng4 21. Qe2 Nf6 22. Nxf6 Bxf6 23. f4 Re7 24. g4 g5 25. Nf3 Kg7 26. Bb1 Qg8 27. Kf2 Kf8 28. Nd2 d5 29. Rh5 Bc8 30. f5 Qg7 31. Rdh1 c5 32. Qf3 cxd4 33. exd4 exf5 34. Qxd5 Be6 35. Qd6 b5 36. gxf5 Bc4 37. Ne4 Bxd4+ 38. cxd4 f6 39. Qxf6+ Qxf6 40. Nxf6 Re2+ 41. Kf3 Rxb2 42. Re1 Kf7 43. Ne4 Bd5 44. Kg3 Rb3+ 45. Kh2 Rb2 46. Rh3 g4 47. Rc3 Bc4 48. Nd6+ Kf6 49. Nxc4 bxc4 50. Rxc4 Rb6 51. d5 h5 52. Re6+ Kg5 53. Rxb6 axb6 54. Rd4 Rc8 55. Rd1 h4 56. d6 Kf6 57. d7 Rd8 58. Bc2 Ke7 59. Ba4 Kf6 60. Rd5 1-0

[Event "Ruhrgebiet Verbandsklasse Gruppe 1 1516"]
[White "Kotlar, Alfred"]
[Black "Leimkuehler, Dirk"]
[Site "Germany"]
[Round "8.4"]
[Result "0-1"]
[Date "2016.03.20"]
[WhiteElo "1899"]
[BlackElo "1844"]
[PlyCount "100"]
[EventDate "2015.09.06"]
[EventType "team-tourn"]
[EventRounds "9"]
[EventCountry "GER"]
[SourceTitle "EXT 2022"]
[Source "ChessBase"]
[SourceDate "2021.10.06"]
[SourceVersion "1"]
[SourceVersionDate "2021.10.06"]
[SourceQuality "1"]
[WhiteTeam "Recklinghausen Altstadt"]
[BlackTeam "Welper SV II"]
[WhiteTeamCountry "GER"]
[BlackTeamCountry "GER"]

1. d4 f5 2. Nf3 Nf6 3. Bf4 d6 4. c3 g6 5. e3 Bg7 6. h4 h6 7. Nbd2 Be6 8. Qc2 0-0 9. Bc4 Bxc4 10. Nxc4 Nd5 11. Qb3 e6 12. Qxb7 Nd7 13. Qb3 Qe7 14. Rd1 Rab8 15. Qc2 N7b6 16. Nxb6 Rxb6 17. Bh2 c5 18. 0-0 g5 19. dxc5 dxc5 20. hxg5 hxg5 21. Ne5 Qb7 22. b3 f4 23. c4 Nxe3 24. fxe3 Bxe5 25. exf4 gxf4 26. Qg6+ Qg7 27. Qxg7+ Kxg7 28. Rd7+ Kg6 29. Kf2 Ra6 30. Rd2 Bd4+ 31. Ke2 e5 32. g3 Rh8 33. Kd3 Rh3 34. Rg2 Kf5 35. a4 Rah6 36. Bg1 Kg4 37. Bxd4 cxd4 38. Ke4 Rxg3 39. Rb2 Re3+ 40. Kd5 f3 41. c5 Re2 42. Rbb1 Kf4 43. b4 d3 44. c6 Rc2 45. b5 e4 46. Rb4 Rh5+ 47. Kd4 d2 48. Rd1 Rh8 49. Rc4 Rxc4+ 50. Kxc4 e3 0-1

[Event "MVP-ch Seniors op 15th"]
[White "Kotlar, Alfred"]
[Black "Walther, Gerd"]
[Site "Binz"]
[Round "7.29"]
[Result "1-0"]
[Date "2015.11.30"]
[WhiteElo "1890"]
[BlackElo "1769"]
[PlyCount "79"]
[EventDate "2015.11.24"]
[EventType "swiss"]
[EventRounds "9"]
[EventCountry "GER"]
[SourceTitle "EXT 2017"]
[Source "ChessBase"]
[SourceDate "2016.10.25"]
[SourceVersion "1"]
[SourceVersionDate "2016.10.25"]
[SourceQuality "1"]

1. d4 Nf6 2. Nf3 b6 3. Bf4 Bb7 4. Nbd2 d6 5. e3 g6 6. c3 Bg7 7. Be2 Nbd7 8. a4 a5 9. 0-0 0-0 10. Qc2 Nh5 11. Bg5 h6 12. Bh4 Bf6 13. Bc4 g5 14. Bg3 Nxg3 15. hxg3 e6 16. Nh2 Bg7 17. f4 Ba6 18. Rae1 Bxc4 19. Nxc4 f6 20. Kf2 d5 21. Na3 f5 22. Rh1 Nf6 23. Nf1 Ne4+ 24. Ke2 c5 25. Rh3 g4 26. Rh4 Nxg3+ 27. Nxg3 Qxh4 28. Kf2 Rac8 29. Nb5 Qe7 30. Qd2 Rcd8 31. Rh1 cxd4 32. exd4 Kf7 33. Qe3 h5 34. Re1 Qd7 35. Nxh5 Rg8 36. Nxg7 Rxg7 37. Rh1 Kg8 38. Rh6 Re8 39. Qe5 g3+ 40. Kf3 1-0

[Event "MVP-ch Seniors op 15th"]
[White "Wolke, Reimund"]
[Black "Kotlar, Alfred"]
[Site "Binz"]
[Round "6.27"]
[Result "1/2-1/2"]
[Date "2015.11.29"]
[WhiteElo "1765"]
[BlackElo "1890"]
[PlyCount "81"]
[EventDate "2015.11.24"]
[EventType "swiss"]
[EventRounds "9"]
[EventCountry "GER"]
[SourceTitle "EXT 2017"]
[Source "ChessBase"]
[SourceDate "2016.10.25"]
[SourceVersion "1"]
[SourceVersionDate "2016.10.25"]
[SourceQuality "1"]

1. e4 g6 2. d4 Bg7 3. Nf3 d6 4. Be2 a6 5. 0-0 b5 6. a4 b4 7. c3 bxc3 8. bxc3 Nd7 9. Bd3 c5 10. Be3 Qa5 11. Qe2 Ngf6 12. Nbd2 0-0 13. Nc4 Qc7 14. h3 Bb7 15. Bf4 Rfb8 16. Rfd1 Ne8 17. Qe3 Qd8 18. e5 Bd5 19. exd6 e6 20. Rab1 Rxb1 21. Rxb1 Rc8 22. Nce5 cxd4 23. cxd4 Nf8 24. Bxa6 Ra8 25. Bb5 Nxd6 26. Nc6 Bxc6 27. Bxc6 Nf5 28. Qb3 Ra5 29. Be5 f6 30. Bf4 Nxd4 31. Nxd4 Qxd4 32. Be3 Qd6 33. Bb6 Rf5 34. Bf3 Nd7 35. a5 Bf8 36. Rd1 Qb8 37. g3 Nxb6 38. Qxb6 Qxb6 39. axb6 Rb5 40. b7 Be7 41. Rc1 1/2-1/2

[Event "Ruhrgebiet Verbandsklasse Gruppe 1 1516"]
[White "Kotlar, Alfred"]
[Black "Mittelbachert, Ulrich"]
[Site "Germany"]
[Round "1.6"]
[Result "0-1"]
[Date "2015.09.06"]
[WhiteElo "1890"]
[BlackElo "1838"]
[PlyCount "102"]
[EventDate "2015.09.06"]
[EventType "team-tourn"]
[EventRounds "9"]
[EventCountry "GER"]
[SourceTitle "EXT 2022"]
[Source "ChessBase"]
[SourceDate "2021.10.06"]
[SourceVersion "1"]
[SourceVersionDate "2021.10.06"]
[SourceQuality "1"]
[WhiteTeam "Recklinghausen Altstadt"]
[BlackTeam "Sodingen/Castrop SK III"]
[WhiteTeamCountry "GER"]
[BlackTeamCountry "GER"]

1. d4 d6 2. Nf3 Bg4 3. Nbd2 Nd7 4. h3 Bh5 5. g4 Bg6 6. Nh4 e5 7. Nxg6 hxg6 8. dxe5 Nxe5 9. Bg2 Rb8 10. Nf3 Nxf3+ 11. Bxf3 Be7 12. Qd4 a6 13. c3 Bf6 14. Qc4 Ne7 15. Bf4 g5 16. Bg3 b5 17. Qb3 a5 18. Rd1 Kf8 19. e4 Ng6 20. Rd5 a4 21. Qc2 Be5 22. Bxe5 Nxe5 23. Be2 Qf6 24. Qd1 Qf4 25. Kf1 Ke7 26. Kg2 b4 27. c4 Rh6 28. c5 b3 29. axb3 Rxb3 30. cxd6+ Rxd6 31. Rxd6 cxd6 32. Qd4 Rb7 33. Rd1 Ng6 34. Rd3 Qe5 35. Qxa4 Nf4+ 36. Kf3 Nxd3 37. Bxd3 Qxb2 38. Kg2 Qb4 39. Qa1 Qb2 40. Qa5 Qe5 41. Qa6 Rc7 42. Qa8 Rc3 43. Qb7+ Kf6 44. Be2 g6 45. Qa8 Kg7 46. Qb7 Ra3 47. Bf3 Ra2 48. Qb3 Qb2 49. Qe3 Qe5 50. Qb3 Rb2 51. Qa3 Qd4 0-1

[Event "Sachsen-Anhalt-ch Seniors 23rd"]
[White "Kotlar, Alfred"]
[Black "Wendland, Gerd"]
[Site "Halberstadt"]
[Round "7"]
[Result "1-0"]
[Date "2015.06.06"]
[WhiteElo "1886"]
[BlackElo "1730"]
[PlyCount "61"]
[EventDate "2015.05.31"]
[EventType "swiss"]
[EventRounds "7"]
[EventCountry "GER"]
[SourceTitle "EXT 2018"]
[Source "ChessBase"]
[SourceDate "2017.10.13"]
[SourceVersion "1"]
[SourceVersionDate "2017.10.13"]
[SourceQuality "1"]

1. d4 Nf6 2. Nf3 b6 3. Bf4 Bb7 4. e3 e6 5. Be2 c5 6. 0-0 Nc6 7. Nbd2 d5 8. Re1 Bd6 9. Bg5 h6 10. Bh4 Qc7 11. Bxf6 gxf6 12. c3 f5 13. Nf1 0-0-0 14. b3 Ne7 15. Rc1 Rhg8 16. c4 e5 17. cxd5 Nxd5 18. Qc2 e4 19. N3d2 Nb4 20. Qb1 f6 21. a3 Nd3 22. Bxd3 Bxh2+ 23. Nxh2 Rxg2+ 24. Kxg2 Rg8+ 25. Kh1 exd3+ 26. f3 Rg5 27. Qxd3 Rh5 28. Qe2 Qg3 29. Rg1 Qh3 30. Qf2 f4 31. e4 1-0

[Event "Sachsen-Anhalt-ch Seniors 23rd"]
[White "Kotlar, Alfred"]
[Black "Bondick, Karl Heinz"]
[Site "Halberstadt"]
[Round "5"]
[Result "1/2-1/2"]
[Date "2015.06.04"]
[WhiteElo "1886"]
[BlackElo "1909"]
[PlyCount "129"]
[EventDate "2015.05.31"]
[EventType "swiss"]
[EventRounds "7"]
[EventCountry "GER"]
[SourceTitle "EXT 2018"]
[Source "ChessBase"]
[SourceDate "2017.10.13"]
[SourceVersion "1"]
[SourceVersionDate "2017.10.13"]
[SourceQuality "1"]

1. d4 d5 2. Nf3 Nf6 3. Bf4 c5 4. c3 Nc6 5. e3 Qb6 6. Qb3 c4 7. Qc2 Bf5 8. Qc1 e6 9. Be2 Be7 10. h3 h6 11. 0-0 0-0 12. Re1 Qd8 13. Nbd2 b5 14. a3 Bd6 15. Bxd6 Qxd6 16. Bd1 a5 17. Bc2 Bxc2 18. Qxc2 e5 19. dxe5 Nxe5 20. Nxe5 Qxe5 21. Red1 Rfd8 22. Nf3 Qe4 23. Qe2 Qe8 24. Qc2 Rab8 25. Rd4 Rb6 26. Rad1 Rbd6 27. Kf1 Qe6 28. Rf4 Ne4 29. Nd4 Qd7 30. Qe2 g6 31. Qc2 Nc5 32. Nf3 Qe7 33. Rfd4 Kh7 34. g3 Kg7 35. Kg2 Qe6 36. h4 Rb8 37. Nd2 f5 38. Ra1 Kf6 39. Qd1 Qd7 40. Rb1 Qb7 41. Nf3 Rbd8 42. Kg1 g5 43. g4 Qc8 44. hxg5+ hxg5 45. gxf5 Qxf5 46. Nh2 Rh8 47. Qf3 Nd3 48. Qxf5+ Kxf5 49. e4+ Ke6 50. Rxd5 Rxd5 51. exd5+ Kxd5 52. Kg2 Nxf2 53. Rf1 Nd3 54. Rf5+ Kc6 55. Rxg5 Re8 56. Nf3 Re2+ 57. Kg3 Rxb2 58. Nd4+ Kb6 59. Kf3 b4 60. axb4 axb4 61. cxb4 Rxb4 62. Ke3 Rb2 63. Ne2 Nc5 64. Rg6+ Ka5 65. Kd4 1/2-1/2

[Event "Hessen-ch Seniors op 11th"]
[White "Kotlar, Alfred"]
[Black "Mertens, Gottfried"]
[Site "Bad Sooden-Allendorf"]
[Round "8"]
[Result "1/2-1/2"]
[Date "2015.05.16"]
[WhiteElo "2073"]
[BlackElo "1898"]
[PlyCount "154"]
[EventDate "2015.05.09"]
[EventType "swiss"]
[EventRounds "9"]
[EventCountry "GER"]
[SourceTitle "EXT 2018"]
[Source "ChessBase"]
[SourceDate "2017.10.13"]
[SourceVersion "1"]
[SourceVersionDate "2017.10.13"]
[SourceQuality "1"]

1. d4 e6 2. Nf3 f5 3. Bf4 Nf6 4. h4 d5 5. h5 Bd6 6. Bg5 Be7 7. e3 Ne4 8. Bxe7 Qxe7 9. a3 0-0 10. c4 c6 11. g3 Nd7 12. Nc3 b6 13. Rc1 Bb7 14. cxd5 exd5 15. Be2 a5 16. Qb3 Nxc3 17. Rxc3 a4 18. Qa2 Qd6 19. Qb1 Ba6 20. Bd1 Bc4 21. Bc2 Qe6 22. Nh4 g6 23. hxg6 hxg6 24. Qd1 Bb3 25. Bxb3 axb3 26. Nf3 Qf6 27. Qxb3 Kg7 28. Qc2 c5 29. Qb3 c4 30. Qb4 Rh8 31. Rxh8 Rxh8 32. Ke2 Re8 33. Qb5 Qd6 34. Rc1 Nf6 35. Ne5 Rc8 36. Qa6 Qc7 37. Qb5 Ra8 38. Qb4 Re8 39. Kf3 Rh8 40. Rg1 g5 41. Kg2 g4 42. Qb5 Ra8 43. Rc1 Ra5 44. Qc6 Qxc6 45. Nxc6 Ra8 46. Ne7 Ne4 47. Nxd5 b5 48. Nc3 Nd6 49. f3 gxf3+ 50. Kxf3 Rb8 51. Kf4 b4 52. axb4 Rxb4 53. Rc2 Kg6 54. Ke5 Nf7+ 55. Kd5 Kg5 56. Kc5 Rb8 57. Kxc4 Kg4 58. Ne2 Kf3 59. Kd3 Rb3+ 60. Nc3 Kxg3 61. Kc4 Rb8 62. b4 Kf3 63. Nd5 Rc8+ 64. Kd3 Rxc2 65. Kxc2 Ke4 66. Ne7 Kxe3 67. Nxf5+ Ke4 68. Kc3 Kxf5 69. Kc4 Ke6 70. Kc5 Ke7 71. Kb6 Nd6 72. d5 Nc8+ 73. Kc5 Nd6 74. b5 Nxb5 75. Kxb5 Kd6 76. Kc4 Kd7 77. Kc5 Kc7 1/2-1/2

[Event "Hessen-ch Seniors op 11th"]
[White "Kotlar, Alfred"]
[Black "Ludwig, Richard"]
[Site "Bad Sooden-Allendorf"]
[Round "2"]
[Result "1-0"]
[Date "2015.05.10"]
[WhiteElo "2073"]
[BlackElo "1673"]
[PlyCount "29"]
[EventDate "2015.05.09"]
[EventType "swiss"]
[EventRounds "9"]
[EventCountry "GER"]
[SourceTitle "EXT 2018"]
[Source "ChessBase"]
[SourceDate "2017.10.13"]
[SourceVersion "1"]
[SourceVersionDate "2017.10.13"]
[SourceQuality "1"]

1. d4 Nf6 2. Nf3 d5 3. Bf4 e6 4. e3 Nc6 5. Nbd2 Be7 6. h3 h6 7. a3 0-0 8. Be2 Re8 9. 0-0 Bd7 10. b4 a6 11. c4 b6 12. Qc2 Bd6 13. Ne5 Bxe5 14. dxe5 Nh5 15. Bxh5 1-0

[Event "Ruhrgebiet Verbandsklasse Gruppe 2 1415"]
[White "Kotlar, Alfred"]
[Black "Ratzmann, Stefan"]
[Site "Germany"]
[Round "6.3"]
[Result "1-0"]
[Date "2015.02.08"]
[WhiteElo "1927"]
[BlackElo "1913"]
[PlyCount "91"]
[EventDate "2014.09.21"]
[EventType "team-tourn"]
[EventRounds "9"]
[EventCountry "GER"]
[SourceTitle "EXT 2022"]
[Source "ChessBase"]
[SourceDate "2021.10.06"]
[SourceVersion "1"]
[SourceVersionDate "2021.10.06"]
[SourceQuality "1"]
[WhiteTeam "Recklinghausen Altstadt"]
[BlackTeam "Oberhausen SV III"]
[WhiteTeamCountry "GER"]
[BlackTeamCountry "GER"]

1. d4 d5 2. Nf3 Nf6 3. Bf4 c5 4. e3 Nc6 5. c3 Qb6 6. Qb3 c4 7. Qc2 Bf5 8. Qc1 e6 9. Nbd2 Qd8 10. Be2 Bd6 11. 0-0 h6 12. Re1 g5 13. Bxd6 Qxd6 14. Nf1 g4 15. Nh4 Ne4 16. Nd2 Ng5 17. e4 Nxe4 18. Nxe4 Bxe4 19. Bxg4 0-0-0 20. Bh3 Rdg8 21. Qe3 Kc7 22. b3 b5 23. Nf3 Bxf3 24. Qxf3 f5 25. Re2 Rb8 26. b4 Rbe8 27. Rae1 Re7 28. Qh5 Rhh7 29. Qg6 Kd7 30. Rxe6 Rxe6 31. Qxh7+ Re7 32. Qxf5+ Kc7 33. Qc8+ Kb6 34. Rxe7 Qxe7 35. Qe6 Qg5 36. Qe3 Qg6 37. Qc1 Qd3 38. g3 a5 39. a3 axb4 40. axb4 h5 41. Bf1 Qe4 42. Qe3 Nxb4 43. cxb4 Qc2 44. Qe6+ Kc7 45. Qe7+ Kb8 46. Qd8+ 1-0